| 000 | 00977cam a22003137a 4500 | ||
|---|---|---|---|
| 003 | CHAP | ||
| 005 | 20220329133008.0 | ||
| 008 | 971013s1988 r 00010 d | ||
| 010 | _a1069 | ||
| 011 | _a2041 | ||
| 035 | _a1228 | ||
| 040 | _cCHAP | ||
| 082 |
_a375 _bK5Y |
||
| 100 | 0 | 0 |
_aKemmis, Stephen. _962985 |
| 245 | 1 | 3 |
_aEl curriculum _b: más allá de la teoría de la reproducción |
| 260 |
_aMadrid : _bMorata, _c1988 |
||
| 300 | _a173 p. | ||
| 490 | 0 | _aColección. Pedagogía. La pedagogía hoy | |
| 500 | _a40-58 | ||
| 590 |
_aBATCH-UPD _b10 _c20130110 _lUCH01 _h1013 |
||
| 590 |
_aBATCH-UPD _b10 _c20130410 _lUCH01 _h0620 |
||
| 590 |
_aBATCH-UPD _b10 _c20130914 _lUCH01 _h1235 |
||
| 590 |
_aCONVERSION _b10 _c20130109 _lUCH01 _h1302 |
||
| 650 | 1 | 4 |
_aEducación _xCurrículo. _935429 |
| 830 | 0 |
_aColección. Pedagogía. La pedagogía hoy _925040 |
|
| 901 | _aBK | ||
| 942 | _cLIBRO | ||
| 949 |
_a375 K4Y _bBC _cLIBRO _d33724000430971 _eLIBRO _gI. c/e _h78820 _i1228 _si _t33.30 |
||
| 999 |
_c1069 _d1069 |
||